000 00597nam a22002297a 4500
003 UA-OsUOA
001 92038
007 ta
008 20121210b un ||||| |||| 00| 0 ukr d
100 _aЧепижный А.
090 _a821.161.2
_bЧ34
942 _cBK
040 _aUA-OsUOA
_brus
_cUA-OsUOA
_dUA-OsUOA
245 _aДобрый огонь
_bроман
300 _a342 с.
955 _a3
041 _arus
080 _a821.161.2
260 _aДонецк
_bДонбас
_c1976
650 7 _a82 Література. Літературознавство
_2UDC
999 _c378293
_d378293